000 00306nam a2200121Ia 4500
008 191201s2006 xx 000 0 und d
100 _aGUPTA, C.B.
245 0 _aEntrepreneurship and Small Business Management
260 _aN. Delhi
_bSultan chand
_c2006
300 _aMise.
650 _aMBA
942 _2ddc
_cBK
999 _c379
_d379